Discursos leídos en la Academia Universitaria Católica / (Record no. 97776)

MARC details
000 -LEADER
campo de control de longitud fija 00669nam a2200169 i 4500
001 - NÚMERO DE CONTROL
campo de control 97776
003 - IDENTIFICADOR DE NÚMERO DE CONTROL
campo de control ES-MaACL
005 - FECHA Y HORA DE LA ÚLTIMA TRANSACCIÓN
campo de control 20230906182147.0
007 - CAMPO FIJO DE DESCRIPCIÓN FÍSICA--INFORMACIÓN GENERAL
campo de control de longitud fija t|
008 - DATOS DE LONGITUD FIJA--INFORMACIÓN GENERAL
campo de control de longitud fija 050718s1908 sp ||||1| spa d
100 1# - ENTRADA PRINCIPAL--NOMBRE DE PERSONA
Nombre de persona Marín Lázaro, Rafael.
9 (RLIN) 76794
245 10 - MENCIÓN DEL TÍTULO
Título Discursos leídos en la Academia Universitaria Católica /
Mención de responsabilidad, etc. por el secretario Don Rafael Marín Lázaro y el Rector Don Enrique Reig y Casanova con motivo de la solemne apertura del curso el día 31 de Octubre de 1908.
260 ## - PUBLICACIÓN, DISTRIBUCIÓN, ETC.
Lugar de publicación, distribución, etc. Madrid :
Nombre del editor, distribuidor, etc. [s.n.],
Fecha de publicación, distribución, etc. 1908.
700 1# - ENTRADA AGREGADA--NOMBRE PERSONAL
Nombre de persona Reig y Casanova, Enrique.
9 (RLIN) 96003
710 2# - ENTRADA AGREGADA--NOMBRE DE ENTIDAD CORPORATIVA
Nombre de entidad corporativa o nombre de jurisdicción como elemento de entrada Academia Universitaria Católica (
Sede del congreso/Lugar de la reunión Madrid)
9 (RLIN) 1224
852 ## - LOCALIZACIÓN
Ubicación ES-MaACL
Número de control de estantería T-1155-F-9
Holdings
Estatus retirado Estado de pérdida Estado de daño No para préstamo Colección Biblioteca de origen Biblioteca actual Ubicación en estantería Fecha de adquisición Fuente de adquisición Total de préstamos Signatura topográfica completa Código de barras Visto por última vez Precio de reemplazo Tipo de ítem Koha
        Colección de folletos Biblioteca del Ateneo de Madrid Biblioteca del Ateneo de Madrid Depósito folletos 17/01/2008     T-1155-F-9 1102066 23/02/2023 23/02/2023 Folleto